00986nas a2200241Ia 4500001001100000003000900011008004100020040001300061040001300074041001300087100003800100210001300138222001300151245009700164250001100261260002500272501008600297300001000383310001200393362004300405500026000448650003600708R036/44113IT-RoPAU151124c99999999xx |||||||||||| ||und|| aIT-RoPAU cIT-RoPAU aITALIANO aAA.VV. gCodice Aut. SPICS: 12000 aSEQUENZE aSequenze aSEQUENZE, ANNO 2-N.10/11 (GIUGNO/LUGLIO 1950)bSequenze, Anno 2-N.10/11 (Giugno/Luglio 1950) a1a ed. aPARMAbMACCARIc1950 bPaulus - SPICS - Società San Paolo EM (non-commercial uses only)cCopyright2015 a76 p. aMENSILE aANNO 002, N.10/11 (GIUGNO/LUGLIO 1950) aMonografia su il Divismo a Cura di Fausto Montesanti. Contributi di Autorivari. Destino Tragico dei Divi. Divismo: Dalla Donna Ai Suoi Attributi. Crisi del Divismo: Opinioni di Lubitsch. Divi Criminali. La Stella che Crea il Film? Dal Muto al Sonoro. Semp aCINEMAvPUBBLICAZIONE PERIODICA